000 01260nam a2200373 a 4500
001 3516086
003 EG-ScBUE
005 20220814102047.0
008 850610r19901982enka f 001 0 eng d
020 _a0907462162
035 _a(OCoLC)10109774
040 _aUk
_beng
_erda
_cUk
_dCLU
_dOCoLC
_dCU-I
_dOCoLC
_dDLC
_dEG-ScBUE
043 _ae-uk-en
082 0 4 _a717
_222
_bJEK
100 1 _aJekyll, Gertrude
_d1843-1932,
_eauthor.
_97534
245 1 0 _aGarden ornament /
_cby Gertrude Jekyll.
250 _bReprinted edition.
264 1 _aSuffolk :
_bThe Antique Collectors' Club,
_c1990.
300 _axii, 460 pages :
_billustrations ;
_c31 cm
336 _2rdacontent
_atext
_btxt
337 _2rdamedia
_aunmediated
_bn
338 _2rdacarrier
_avolume
_bnc
500 _aIncludes index.
500 _aIll. on lining papers.
650 7 _aGarden ornaments and furniture.
_2BUEsh
_97535
650 7 _aGardens
_zGreat Britain.
_2BUEsh
_97536
650 7 _aLandscape architecture
_zGreat Britain.
_2BUEsh
_97537
650 7 _aArchitecture, Domestic.
_2BUEsh
_97538
651 _2BUEsh
653 _bENGARC
655 _vReading book
_934232
942 _2ddc
_cBB
999 _c12192
_d12192